Central Library OPAC University of Rajshahi

Methods of operations research / (Record no. 75559)

MARC details
000 -LEADER
fixed length control field 00726cam a22002412 4500
001 - CONTROL NUMBER
control field 75559
003 - CONTROL NUMBER IDENTIFIER
rucl marc code BD-RjUL
005 - DATE AND TIME OF LATEST TRANSACTION
control field 20211209082717.0
008 - FIXED-LENGTH DATA ELEMENTS--GENERAL INFORMATION
fixed length control field 180114s1963 njua b 001 0 eng
035 ## - SYSTEM CONTROL NUMBER
System control number (BD-RjUL)75777
040 ## - CATALOGING SOURCE
Original cataloging agency DLC
Transcribing agency CSU
Modifying agency SER
-- UKM
-- EQO
-- BD-RjUL
Language of cataloging eng
041 1# - LANGUAGE CODE
Language code of text/sound track or separate title eng
Language code of original fre
082 ## - DEWEY DECIMAL CLASSIFICATION NUMBER
Classification number 658.4034
Author mark and year MOM 1951
Edition number 23
100 1# - MAIN ENTRY--PERSONAL NAME
Personal name Morse, Philip M.
9 (RLIN) 25779
245 10 - TITLE STATEMENT
Title Methods of operations research /
Statement of responsibility, etc. Philip M. Morse and George E. Kimball
250 ## - EDITION STATEMENT
Edition statement 1rst ed. revised
260 ## - PUBLICATION, DISTRIBUTION, ETC. (IMPRINT)
Place of publication, distribution, etc. London :
Name of publisher, distributor, etc. Chamman & Hall,,
Date of publication, distribution, etc. c1951[1958]
300 ## - PHYSICAL DESCRIPTION
Pagination 158 p. :
Illustrations illus. ;
Size 27cm.
504 ## - BIBLIOGRAPHY, ETC. NOTE
Bibliography, etc Includes bibliography and index.
650 #0 - SUBJECT ADDED ENTRY--TOPICAL TERM
Topical term or geographic name as entry element Operations research.
9 (RLIN) 25780
942 ## - ADDED ENTRY ELEMENTS (KOHA)
Source of classification or shelving scheme Dewey Decimal Classification
Koha item type Books
Holdings
Lost status Source of classification or shelving scheme Damaged status Not for loan Collection code Permanent Location Current Location Shelving location Date acquired Total Checkouts Full call number Date last seen Copy number Koha item type
  Dewey Decimal Classification   Not For Loan Non-fiction Central Library, University of Rajshahi Central Library, University of Rajshahi Reading Room 24/04/2019   658.4034 MOM 1958 24/04/2019 C-1 Books